Biología, ciclo de vida y control del maicillo
Guardat en:
| Autor corporatiu: | |
|---|---|
| Format: | Llibre |
| Idioma: | espanyol |
| Publicat: |
Santiago
Pontificia Universidad Católica de Chile
1900
|
| Matèries: | |
| Etiquetes: |
Afegir etiqueta
Sense etiquetes, Sigues el primer a etiquetar aquest registre!
|
MARC
| LEADER | 00000nam a2200000 a 4500 | ||
|---|---|---|---|
| 001 | UCR5477 | ||
| 003 | CL-VaPUC | ||
| 008 | 980327e19000000CL |||||||||||||||||spa|d | ||
| 082 | 0 | 4 | |a 632.5 |b COR |2 21 |
| 110 | 2 | |a CORFO |e author |9 406437 | |
| 245 | 1 | 0 | |a Biología, ciclo de vida y control del maicillo |
| 300 | |a 13 p | ||
| 942 | |c BK | ||
| 945 | |d 19980327 00:00:00 |a rleighto | ||
| 260 | |a Santiago |b Pontificia Universidad Católica de Chile |c 1900 | ||
| 650 | 0 | |a Control de malezas |9 259684 | |
| 650 | 0 | |a Cultivos |9 264356 | |
| 650 | 0 | |a Hortalizas |9 259501 | |
| 650 | 0 | |a Frutas |9 259500 | |
| 650 | 7 | |a MAICILLO |2 CL-VaPUC |9 406438 | |
| 650 | 0 | |a Herbicidas |9 393022 | |
| 650 | 7 | |a MALEZA |2 CL-VaPUC |9 358446 | |
| 650 | 0 | |a Plagas agrícolas |9 264238 | |
| 583 | |a last modification |c 19980327 00:00:00 |k Rodrigo Vera | ||
| 999 | |c 268070 |d 268068 | ||